ბათუმის შოთა რუსთაველის სახელმწიფო უნივერსიტეტის ბიბლიოთეკა

Integrity in business.Developing Etical Behavion Across Coultures and Jurisdictions / (ბიბ.ჩანაწერი № 45312)

000 -LEADER
fixed length control field 00897nam a2200229Ia 4500
001 - CONTROL NUMBER
control field 12136
003 - CONTROL NUMBER IDENTIFIER
control field GE_BSU
005 - DATE AND TIME OF LATEST TRANSACTION
control field 20221118152652.0
008 - FIXED-LENGTH DATA ELEMENTS--GENERAL INFORMATION
fixed length control field 181216s2013en xx |||||||||||||| ||eng||
020 ## - INTERNATIONAL STANDARD BOOK NUMBER
International Standard Book Number 9781409465157x
040 ## - CATALOGING SOURCE
Transcribing agency GE_BSU
041 ## - LANGUAGE CODE
Language code of text/sound track or separate title eng
080 ## - UNIVERSAL DECIMAL CLASSIFICATION NUMBER
Universal Decimal Classification number 338.22 H-75
100 ## - MAIN ENTRY--PERSONAL NAME
Personal name Holder,frank.
9 (RLIN) 15934
245 ## - TITLE STATEMENT
Title Integrity in business.Developing Etical Behavion Across Coultures and Jurisdictions /
Statement of responsibility, etc. frank Holder.
264 ## - PRODUCTION, PUBLICATION, DISTRIBUTION, MANUFACTURE, AND COPYRIGHT NOTICE
Place of production, publication, distribution, manufacture Burligton :
Name of producer, publisher, distributor, manufacturer Gower,
Date of production, publication, distribution, manufacture, or copyright notice 2013.
300 ## - PHYSICAL DESCRIPTION
Extent 117 p:.
Other physical details 24 cm.
653 ## - INDEX TERM--UNCONTROLLED
keyword Integrity in business.Developing Etical Behavion Across Coultures and Jurisdictions.
653 ## - INDEX TERM--UNCONTROLLED
keyword მთლიანობა ბიზნესში. ეთიკური ქცევის განვითარება კულტურასა და იურისდიქციაში
653 ## - INDEX TERM--UNCONTROLLED
keyword ეკონომიკა
942 ## - ADDED ENTRY ELEMENTS (KOHA)
Koha item type წიგნი
Source of classification or shelving scheme
ეგზემპლარები
Withdrawn status Lost status Source of classification or shelving scheme Damaged status Not for loan Permanent Location Current Location Shelving location Date acquired Cost, normal purchase price Full call number Barcode Date last seen Copy number Price effective from Koha item type Public note
          ბათუმის შოთა რუსთაველის სახელმწიფო უნივერსიტეტის მთავარი ბიბლიოთეკა ბათუმის შოთა რუსთაველის სახელმწიფო უნივერსიტეტის მთავარი ბიბლიოთეკა წიგნსაცავი 2018-12-17 181.00 338.22 H-75 36011 2018-12-17 36011 2018-12-17 წიგნი 181ლ.